Music Quiz

Random Music or Lyrics Quiz

Mystery Song: Lyrical Hangman Quiz Stats

 Plays Quiz Updated Jul 28, 2015

Also try: Country Hangman
Challenge
Share
Tweet
Embed
Score 0/26 Timer 05:00
4 Plays Today
Two-Digit Code Lyrical Snippet % Correct
SONG TITLE???
100%
21???
89.6%
22???
89.5%
23???
89.2%
19???
88.1%
18???
87.2%
16???
86.4%
24???
86.3%
17???
84.7%
15???
84.7%
14???
83.9%
25???
81%
13???
77.4%
Two-Digit Code Lyrical Snippet % Correct
20???
73.5%
11???
69.6%
10???
69.6%
12???
64%
09???
63.8%
08???
59.8%
07???
56.3%
06???
50.2%
05???
47.8%
04???
47.1%
03???
43.8%
02???
27.6%
01???
16.4%

You're not logged in!

Compare scores with friends on all Sporcle quizzes.
Join for Free
OR
Log In

You Might Also Like...

Show Comments

Extras

Top Quizzes Today


Score Distribution

Your Account Isn't Verified!

In order to create a playlist on Sporcle, you need to verify the email address you used during registration. Go to your Sporcle Settings to finish the process.

Report this User

Report this user for behavior that violates our Community Guidelines.

Details: